Problems of economic policy / (Record no. 2969)

MARC details
000 -LEADER
fixed length control field 00512cam a2200169 i 4500
020 ## - INTERNATIONAL STANDARD BOOK NUMBER
ISBN 0043390080 :
-- 0043390099
050 00 - CALL NUMBER
Classification number HC256
Item number .H3
100 1# - AUTHOR
Personal name Hartley, Keith.
245 10 - TITLE
Title Problems of economic policy /
Statement of responsibility, etc by Keith Hartley.
260 ## - PUBLICATION INFORMATION
Place of publication London :
Name of publisher Allen & Unwin,
Year of publication 1977.
300 ## - DESCRIPTION
Number of Pages 233 p. ;
Dimensions 23 cm.
500 ## - NOTES
General note Includes index.
505 ## - FORMATTED CONTENTS NOTE
Table of Content pt. 1. Methodology --<br/>pt. 2. Macro-economic policy --<br/>pt. 3. Micro-economic policy.
650 #0 - SUBJECTS
Topical Term Economic policy.
650 #0 - SUBJECTS
Topical Term Economics.
942 ## - ADDED ENTRY ELEMENTS (KOHA)
Koha item type Books
Holdings
Withdrawn status Lost status Collection code Home library Current library Shelving location Date acquired Full call number Accession Number Copy number Koha item type
    Reference Methodist University Library Main Methodist University Library Main General Stacks   HC256 .H3 12196 1 Books
Copyright © 2026  MUG Library